00317nam a2200121Ia 4500008004000000020001800040082001300058100001800071245003200089260005200121300001200173650001000185210210b2005 xxu||||| |||| 00| 0 eng d a81 7381 042 7 a657 PAUF aPAUL (S. Kr). aFundamentals of accounting. aKolkatabNew Central Book Agency (P) Ltd.c2005 axx,1135 aCAPEI